Almost (Sweet music) by Hozier - lyrics - Statistics

General Stats
  • This quiz has been taken 236 times
  • The average score is 145 of 199
Answer Stats
Answer % Correct
A
99%
Chorus | Pre-Chorus 2 | Verse 1 I
99%
The
97%
In
96%
To
96%
She
95%
Me
94%
Music
94%
Do
92%
My
92%
Where
92%
You
92%
Sweet
91%
Don’t
90%
Know
90%
Like
90%
Start
90%
Who
90%
Be
89%
Dark
89%
Heart
88%
Again
87%
And
87%
Foolish
87%
Playing
87%
Wouldn’t
87%
Almost
86%
On
86%
So
86%
Still
86%
This
85%
As
83%
I’m
83%
Of
83%
She’s
82%
From
81%
Her
81%
Ruin
79%
Out
78%
Came
77%
Laugh
76%
Night
76%
Laughs
75%
Some
75%
Bedroom
74%
Joyride
73%
Love
73%
Outside
73%
Kind
72%
Roll
72%
Same
72%
Day
71%
Got
71%
Haunts
71%
Too
69%
Anyway
68%
Burned
68%
Is
68%
Likes
68%
Back
67%
Every
67%
It
67%
Starlight
67%
Thinks
67%
Here
66%
Ashes
65%
Get
65%
By
64%
That
63%
Thing
62%
Thought
62%
Colour
60%
Duke
60%
Let
60%
Times
60%
Very
60%
Good
59%
Mean
59%
Kiss
58%
Paper
58%
Stella
58%
Verse 2 Tell
58%
Cheek
57%
Ellington
57%
Each
56%
Lost
56%
Owe
56%
Soft
56%
Well
56%
Doll
55%
Drums
55%
Let’s
55%
Lip
54%
Off
54%
Lovers
53%
Without
53%
Far
52%
Ask
51%
Can
51%
Other
51%
Along
50%
Blue
50%
Alright
49%
Radio
49%
Removed
49%
‘Til
48%
Everything
47%
Seems
47%
Supreme
47%
Was
47%
Blow
46%
Sing
46%
Smoke
46%
Thick
46%
Turn
46%
I’ll
45%
Am
44%
Lullabies
44%
Numbered
44%
Thanking
44%
Nights
42%
Rings
42%
Russian
40%
Them
40%
She’ll
39%
Awake
38%
Reporting
38%
Lord
37%
Chet
36%
Played
36%
Chimes
33%
News
31%
Oh
28%
Reader
25%
No matching quizzes found
Score Distribution
Percent of People with Each Score
Percentile by Number Answered
Your Score History
You have not taken this quiz